000 00705nam a2200289Ia 4500
005 20260324135204.0
008 008 260324s9999 xx 000 0 eng d
020 _a9780203780145
037 _aEBOOK
040 _aCRL
040 _beng
040 _cCRL
041 _2eng
041 _aeng
084 _qCRL
100 _aPeter L. Rudnytsky
_91171119
245 0 _aPsychoanalytic Conversations
245 0 _bInterviews with Clinicians, Commentators, and Critics
260 _bTaylor and Francis
260 _c2000
365 _a
365 _b135
856 _uhttp://www.taylorfrancis.com/books/9780203780145
942 _cEBOOK
999 _c1800491
_d1800491